LDR 00718naa#a2200181#i#450# 001 EN\FGKOU VO SPBU MVD ROSSII\bibl\105908 005 20260701075655.3 011 ## _a2071-8284 100 ## _a20260630b2026####ek#y0engy0150####ca 101 0# _aRUS 102 ## _aRU 200 1# _aThe problem of organising activities to assess indicators of the professional identity structure of cadets _eJournal article 210 1# _aSt. Petersburg _cSAINT-PETERSBURG UNIVERSITY OF THE MINISTRY OF INTERNAL AFFAIRS OF THE RUSSIAN FEDERATION _d2026 215 ## _a8 с. 608 ## _aJournal article _2local 675 ## _aПрочие вопросы психологии. 159.99 _zRUS 700 #1 _aSharafutdinova _gNatalia Vladimirovna 856 4# _avestnikspbmvd.ru _u